A Constituiȯ̂ Do Trabalho. O trabalho nas Constituiė̳s da Alemanha, Brasil, Espanha, Franȧ, Itl̀ia e Portugal /

Bibliographic Details
Main Author: Meireles, Edilton
Format: eBook
Language:Portuguese
Published: San Pablo: LTR Editora, 2014
Subjects:
Online Access:Acceso restringido

MARC

LEADER 00000nam a22000007a 4500
005 2014052301471.0
007 cr|||| ||||
008 140523s2014 br |||||s|||| 00||0 por d
020 |a 978-85-361-2843-6 
035 |a 12161 
040 |a vLex 
090 |c 4951  |d 4951 
100 1 |a Meireles, Edilton 
245 1 2 |a A Constituiȯ̂ Do Trabalho.  |h [Recurso electrn̤ico] :  |b O trabalho nas Constituiė̳s da Alemanha, Brasil, Espanha, Franȧ, Itl̀ia e Portugal /  |c Edilton Meireles 
256 |a Servicio en ln̕ea 
260 |a San Pablo:  |b LTR Editora,  |c 2014 
300 |a 1 recurso electrn̤ico 
500 |a O autor aponta o tratamento dado pelo legislador constitucional ao valor-trabalho e, antes de cuidar mais precisamente do direito nacional, busca as raz̕es do valor-trabalho nas principais constituiė̳s surgidas aps̤ a Segunda Guerra Mundial e que mais influenciaram para a formaȯ̂ da Constituiȯ̂ brasileira de 1988. Neste sentido, este livro aponta o tratamento dado pelos constituintes alemês, italianos, franceses, espanhi̤s e portugueses ao trabalho, buscando identificar a importńcia que ao valor-trabalho foi destacada para a formaȯ̂ das respectivas sociedades. Conclui com o estudo do direito constitucional brasileiro, apontando, de forma surpreendente para muitos, que o trabalho foi, dentre todos os direitos fundamentais, o objeto de tratamento mais valorizado pelo constituinte. 
506 1 |a Disponible solo en los productos indicados  |d vLex Global  |d vLex Global (Academic Edition, excluding Law Schools)  |d vLex Global (U.S. Academic Edition, Law Schools)  |d vLex Global (U.S. Academic Edition, excluding Law Schools)  |d vLex Global (Academic Edition, Law Schools) 
650 0 4 |a Derecho Laboral y Seguridad Social  |z Brasil 
740 0 |a vLex Libros (Servicio en ln̕ea) 
856 4 0 |u http://vlex.com/source/a-constitui-o-do-trabalho-o-trabalho-nas-constitui-es-da-alemanha-brasil-espanha-fran-a-italia-e-portugal-12161  |z Acceso restringido 
942 |c BOOK 
999 0 |a Labor Law and Social Security